000
00271nam a2200133Ia 4500
100
_a
Fairhead harry
942
_c
BK
654
_a
386/486 PC
245
_a
386/486 PC
260
_b
BPB Publication
_a
New Delhi
_c
1991
300
_a
275
546
_a
ENGLISH
999
_c
25850
_d
25850